Click-Quiz: "Frohe Ostern!" in verschiedenen Sprachen - Statistiken

Allgemein
  • Dieses Quiz wurde 95 mal gespielt
  • Das Durchschnittsergebnis liegt bei 11 aus 49
Antwortstatistiken
Hint Antwort % Korrekt
Happy Easter Englisch
62%
عيد فصح سعيد Arabisch
53%
Joyeuses Pâques Französisch
51%
Wesołych świąt Wielkanocnych Polnisch
51%
复活节快乐 Chinesisch (Mandarin)
49%
С праздником Светлой Пасхи Russisch
48%
Feliz Pascua Spanisch
48%
Hyvää pääsiäistä Finnisch
38%
행복 한 부활절 Koreanisch
37%
Καλό Πάσχα Griechisch
36%
Buona Pasqua Italienisch
33%
イースターおめでとう Japanisch
32%
Paskalya yortunuz kutlu olsun Türkisch
30%
Glædelig påske Dänisch
27%
חג פסחא שמח Hebräisch
27%
Feliz Páscoa Portugiesisch
26%
Щасливої Пасхи Ukrainisch
25%
Chúc Mừng Phục Sinh Vietnamesisch
25%
Gleðilega páska Isländisch
22%
हैप्पी ईस्टर Hindi
21%
Vrolijk Pasen Niederländisch
21%
Glad påsk Schwedisch
19%
Kellemes húsvéti ünnepeket Ungarisch
19%
Schéin Ouschteren Luxemburgisch
16%
สุขสันต์วันอีสเตอร์ Thailändisch
16%
Felicem Pascham Latein
15%
Gëzuar Pashkët Albanisch
12%
Շնորհավո՜ր Սուրբ Զատիկ Armenisch
12%
Selamat Paskah Indonesisch/Malaysisch
12%
Cáisc shona duit Irisch
12%
Linskmų Šventų Velykų Litauisch
12%
Paște fericit Rumänisch
12%
ქრისტე აღდგა Georgisch
11%
L-Għid it-Tajjeb Maltesisch
11%
Veselé prežitie Veľkonočných sviatkov Slowakisch
11%
Geseënde Paasfees Afrikaans
10%
Pasxa bayramınız müqəddəs olsun Aserbaidschanisch
10%
ပျော်ရွှင်စရာအီစတာဖြစ်ပါစေ Birmanisch
10%
Честит Великден Bulgarisch
10%
Срећан Ускрс Serbisch
10%
Priecīgas Lieldienas Lettisch
8%
Veselé Vélikonoce Tschechisch
8%
Jabulela Iphasika Zulu
8%
E ôlelo mâlie Hawaiisch/Hawaiianisch
7%
រីករាយបុណ្យថ្ងៃព្រះយេស៊ូរស់ឡើងវិញ Khmer
5%
Sretan Uskrs Kroatisch
5%
Улаан Өндөгний Баярын мэнд Mongolisch
5%
Heri kwa sikukuu ya Pasaka Swahili
5%
Ondo izan Bazko garaian Baskisch
4%
Keine übereinstimmenden Quizze gefunden
Verteilung der Resultate
Anzahl Personen mit jedem Resultat
Perzentil nach korrekt beantworteten Fragen
Ihre Resultats-Entwicklung
Sie haben dieses Quiz noch nicht gespielt